Jihad : (Record no. 15762)
[ view plain ]
| 000 -LEADER | |
|---|---|
| fixed length control field | 01494nam a2200277 a 4500 |
| 001 - CONTROL NUMBER | |
| control field | ASIN1860646840 |
| 005 - DATE AND TIME OF LATEST TRANSACTION | |
| control field | 20170105102925.0 |
| 008 - FIXED-LENGTH DATA ELEMENTS--GENERAL INFORMATION | |
| fixed length control field | 131211s2003 xxu eng d |
| 020 ## - INTERNATIONAL STANDARD BOOK NUMBER | |
| International Standard Book Number | 1860646840 (paperback) |
| 020 ## - INTERNATIONAL STANDARD BOOK NUMBER | |
| International Standard Book Number | 9781860646843 (paperback) |
| 040 ## - CATALOGING SOURCE | |
| Original cataloging agency | 0 |
| 050 04 - LIBRARY OF CONGRESS CALL NUMBER | |
| Classification number | BP173.7 |
| 082 04 - DEWEY DECIMAL CLASSIFICATION NUMBER | |
| Classification number | 320.550917671 |
| Author Mark | KEP 2003 |
| 100 1# - MAIN ENTRY--PERSONAL NAME | |
| Personal name | Kepel, Gilles. |
| 245 10 - TITLE STATEMENT | |
| Title | Jihad : |
| Remainder of title | the trail of political islam / |
| Statement of responsibility, etc. | Gilles Kepel. |
| 260 ## - PUBLICATION, DISTRIBUTION, ETC. | |
| Place of publication, distribution, etc. | [S.l.] : |
| Name of publisher, distributor, etc. | I.B.Tauris, |
| Date of publication, distribution, etc. | 2003. |
| 300 ## - PHYSICAL DESCRIPTION | |
| Extent | 364 p. |
| 520 ## - SUMMARY, ETC. | |
| Summary, etc. | The late 20th century saw the emergence of an unexpected and extraordinary phenomenon culminating in a devastating onslaught on the West in 2001: Islamist political movements. Beginning in the early 1970s, militants revolted against the regimes in power across the Muslim world and exacerbated political conflicts internationally. Their jihad - or "Holy Struggle" - aimed to establish a global Islamic state based solely on a strict interpretation of the Qur'an. "Jihad" is a comprehensive attempt to follow the history and spread of this new political-religious phenomenon. Gilles Kepel has travelled throughout the Muslim world gathering documents, interviews and archival material inaccessible to most scholars. |
| 650 #0 - SUBJECT ADDED ENTRY--TOPICAL TERM | |
| Topical term or geographic name entry element | Islam |
| 650 #0 - SUBJECT ADDED ENTRY--TOPICAL TERM | |
| Topical term or geographic name entry element | Islam and politics |
| 650 #0 - SUBJECT ADDED ENTRY--TOPICAL TERM | |
| Topical term or geographic name entry element | Islam and state |
| 650 #0 - SUBJECT ADDED ENTRY--TOPICAL TERM | |
| Topical term or geographic name entry element | Islamic fundamentalism |
| 650 #0 - SUBJECT ADDED ENTRY--TOPICAL TERM | |
| Topical term or geographic name entry element | Jihad |
| 856 40 - ELECTRONIC LOCATION AND ACCESS | |
| Materials specified | Amazon.com |
| Uniform Resource Identifier | <a href="http://www.amazon.com/exec/obidos/ASIN/1860646840/chopaconline-20">http://www.amazon.com/exec/obidos/ASIN/1860646840/chopaconline-20</a> |
| 942 ## - ADDED ENTRY ELEMENTS (KOHA) | |
| Source of classification or shelving scheme | |
| Koha item type | Book |
| Withdrawn status | Lost status | Damaged status | Not for loan | Collection code | Permanent Location | Current Location | Shelving location | Date acquired | Total Checkouts | Full call number | Barcode | Date last seen | Price effective from | Koha item type |
|---|---|---|---|---|---|---|---|---|---|---|---|---|---|---|
| Centre for International Peace & Stability (CIPS) | Centre for International Peace & Stability (CIPS) | General Stacks | 10/02/2013 | 320.550917671 KEP 2003 | CIPS0002363 | 12/11/2013 | 12/11/2013 | Book |
